00917cam a2200253 a 45000010008000000030004000080050017000120080041000290100017000700200015000870400019001020430012001210500023001330820023001561000020001792450068001992500079002672600071003463000019004175040066004366510034005026510038005368560089005743578955OSt20191227145123.0990624s1998 enk b 001 0 eng  a 99220256  a019564770X aDLCcoclcdDLC aa-ii---00aHC435.2b.B34 199800a338.954221bBAR/P aBardhan, Pranab14aThe Political Economy of Development in India /cPranab Bardhan aExpanded ed., with an epilogue on the political economy of reform in India aOxford, UK ;aNew York, NY, USA :bOxford University Press,c1998. a 153 pc22 cm. aIncludes bibliographical references (p. 111-115) and indexes. 0aIndiaxEconomic policyy1947- 0aIndiaxEconomic conditionsy1947-423Publisher descriptionuhttp://www.loc.gov/catdir/enhancements/fy0605/99220256-d.html